Normal view
MARC view
- Shinde Trupti
Entry Personal Name
001 - CONTROL NUMBER
- control field: 102113
003 - CONTROL NUMBER IDENTIFIER
- control field: OSt
005 - DATE AND TIME OF LATEST TRANSACTION
- control field: 20221007215916.0
008 - FIXED-LENGTH DATA ELEMENTS
- fixed length control field: 221007|| aca||aabn | a|a d
040 ## - CATALOGING SOURCE
- Original cataloging agency: OSt
- Transcribing agency: OSt
100 ## - HEADING--PERSONAL NAME
- Personal name: Shinde Trupti
670 ## - SOURCE DATA FOUND
- Source citation: Work cat.: (OSt)69271: Shinde Trupti, MIS & ITS Application to Financial Statements, 2006